The primary comprehension toolkit strategy book 4 : Infer and visualize (Record no. 25338)

MARC details
000 -LEADER
fixed length control field 00538nam a22001817a 4500
003 - CONTROL NUMBER IDENTIFIER
control field OSt
005 - DATE AND TIME OF LATEST TRANSACTION
control field 20260629120924.0
008 - FIXED-LENGTH DATA ELEMENTS--GENERAL INFORMATION
fixed length control field 260629b |||||||| |||| 00| 0 eng d
020 ## - INTERNATIONAL STANDARD BOOK NUMBER
International Standard Book Number 13978032502515
040 ## - CATALOGING SOURCE
Transcribing agency Chuka University Library
050 ## - LIBRARY OF CONGRESS CALL NUMBER
Classification number LB 1590.3 .H37 2008
100 ## - MAIN ENTRY--PERSONAL NAME
Personal name Harvey Stephanie
9 (RLIN) 27917
245 ## - TITLE STATEMENT
Title The primary comprehension toolkit strategy book 4 : Infer and visualize
260 ## - PUBLICATION, DISTRIBUTION, ETC.
Place of publication, distribution, etc. Portsmouth , NH
Name of publisher, distributor, etc. Heinemann
Date of publication, distribution, etc. 2008
300 ## - PHYSICAL DESCRIPTION
Extent 71p
Other physical details illustrated
650 ## - SUBJECT ADDED ENTRY--TOPICAL TERM
Topical term or geographic name entry element Strategy book 4
9 (RLIN) 31457
942 ## - ADDED ENTRY ELEMENTS (KOHA)
Source of classification or shelving scheme Library of Congress Classification
Koha item type Long Loan Books
Suppress in OPAC No
Holdings
Withdrawn status Lost status Source of classification or shelving scheme Damaged status Not for loan Collection Home library Current library Shelving location Date acquired Source of acquisition Cost, normal purchase price Total Checkouts Full call number Barcode Date last seen Price effective from Koha item type
    Library of Congress Classification     General Collection Books Main Campus Library Main Campus Library General Stacks 29/06/2026 Donations from books for Africa 3225.00   LB 1590.3 .H37 2008 35801/2026 29/06/2026 29/06/2026 Long Loan Books

Powered by Koha